00710 a2200205 450000500170000001000130001702000260003003500130005603700180006908200080008710000240009524501150011926000270023427000100026130000220027170000250029394200270031899900190034595201400036420241128162556.0 aB-761282 a9789364681384c350.00 aB-761282 bGift/28.11.24 a330 aDas. Abhijit974306 aS. Chand's ICSE Economics Applications;bAsper 2027 Syllabus for Class IX Book 1/cAbhijit Das and Kalyan Basu aU.P.bS. Chand'sc2025 aU. P. a202 p.c25cm (Pb) 966089aBasu, Kalyan  adplcCH2ddch330mDAS c207181d207181 001040708NFICaAVbAVd2024-11-28eGift/28.11.24g350.00l0o330 DASpB-761282r2024-11-28 00:00:00t1v350.00w2024-11-28yCHzGift